000 01582cam a22002054a 4500
005 20250605164405.0
008 250528s ||||||||||||||||||||||||d
035 _a24773
020 _a443072167
040 _aGR-AtMCL
_bgre
_dGR-AtMCL
_eAACR2
245 1 _aElectrotherapy/ Evidence - Based Practice
250 _a11th
260 _bChurchill Livingstone,
_c2002
300 _a348
520 _aThis book has been designed to provide the reader with up to date knowledge and understanding of the most commonly used agent in the field of electrotherapy. Includes CDROM. Contributors, Preface, Scientific Background, Electrophysical and Thermal Principles, Electrical Properties of Cells and Tissues, Tissues Repair, Sensory and Motor Nerve Activation, Physiology of Pain, Scientific Basis of Therapy, Thermal Effects, Low Energy Treatments: Non Thermal or Microthermal?, Stemulative Effects, Conductive Agents, Heat and Cold: Conduction Methods, Electromagnetic Agents, Infrared Irradiation, Diathermy, Short Wave Diathermy, Microwave Diathermy, Ultrasound, Ultrasound Therapy, Low Frequency Currents, Low Frequency Currents An Introduction, Neuromuscular and Muscular Electrical Stimulation, Transcutaneous Electrical Nerve Stimulation (TENS), Interferential Current for Pain Control, Diagnosis and Assessment Applications, Electrophysiological Testing, Would Assessment, Electrical Stimulation for Wound Healing: A Review of Current Knowledge, Appendix: Safety in Practice, Index.
700 1 _aKitchen Sheila
_98648
942 _cBK
999 _c9624
_d9624